[Event "PRO League Group Stage"]
[Site "chess.com INT"]
[Date "2020.02.06"]
[Round "5"]
[White "Herrera Reyes, Jose Antonio"]
[Black "Admiraal, Miguoel"]
[Result "1/2-1/2"]
[WhiteTitle "FM"]
[BlackTitle "IM"]
[WhiteElo "2304"]
[BlackElo "2498"]
[WhiteTeam "Spain Raptors"]
[BlackTeam "Netherlands Mosquitoes"]
[WhiteFideId "2274914"]
[BlackFideId "1019716"]
[EventDate "2020.01.06"]

1. Nf3 d5 2. g3 Bg4 3. Bg2 c6 4. O-O Nd7 5. d3 e6 6. c3 Ngf6 7. Qb3 Qb6 8. Be3
Bc5 9. Bxc5 Nxc5 10. Qa3 O-O 11. Nbd2 a5 12. b3 Rfe8 13. h3 Bh5 14. g4 Bg6 15.
Ne5 Ncd7 16. Nxg6 hxg6 17. e3 e5 18. Rfb1 Nc5 19. Bf1 e4 20. d4 Ne6 21. c4 Ng5
22. b4 Qc7 23. b5 dxc4 24. bxc6 Qxc6 25. Qc5 Qxc5 26. dxc5 c3 27. Nb3 Nf3+ 28.
Kg2 Rec8 29. a4 Nd5 30. Rc1 Rc7 31. Bc4 Rd8 32. Kg3 Nd2 33. Bxd5 Rxd5 34. Rxc3
Nxb3 35. Rxb3 Rdxc5 36. Rab1 g5 37. Rxb7 Rxb7 38. Rxb7 Rc4 39. Rb5 f6 40. Rxa5
Kh7 41. h4 gxh4+ 42. Kxh4 Rc2 43. Kg3 Ra2 44. Rh5+ Kg6 45. Ra5 Kh6 46. Ra8 Kg5
47. Ra7 Kg6 48. a5 Kh6 49. a6 Kg6 50. g5 fxg5 51. Ra8 Ra1 52. a7 Ra2 53. Kg2 Ra1
54. Kg3 Ra2 55. Kg2 Ra1 56. Kh2 Ra2 57. Kg3 Ra3 58. Kg4 Ra1 59. Re8 Rxa7 60.
Re6+ Kf7 61. Rxe4 Ra2 62. f3 Rg2+ 63. Kh3 Rg1 64. Kh2 Ra1 65. Re5 Kf6 66. Re4
Ra2+ 67. Kg3 Ra1 68. Rb4 Rg1+ 69. Kf2 Rc1 70. Rb6+ Kf7 71. Kg3 Rg1+ 72. Kh3 Re1
73. e4 Rg1 74. Kh2 Re1 75. Kg2 g4 76. Kf2 Ra1 77. fxg4 Ra3 78. g5 Rc3 79. g6+
Ke7 80. Ke2 Rg3 81. Kf2 Rc3 82. Ra6 Rb3 83. e5 Rb5 84. Ra7+ Ke6 85. Rxg7 Rxe5
86. Kf3 Kf6 87. Rg8 Rg5 88. Kf4 Rxg6 89. Rb8 Kg7 90. Rb7+ Kf6 91. Ra7 Rg1 92.
Ra6+ Ke7 93. Ra7+ Kd6 94. Ra6+ Kc5 95. Rh6 Rf1+ 96. Ke3 Re1+ 97. Kd2 Re7 98.
Rh5+ Kd6 99. Kd3 Re5 100. Rxe5 Kxe5 1/2-1/2

[Event "PRO League Group Stage"]
[Site "chess.com INT"]
[Date "2020.02.06"]
[Round "5"]
[White "Ducarmon, Quinten"]
[Black "Diaz Camallonga, Carles"]
[Result "1/2-1/2"]
[WhiteTitle "IM"]
[BlackTitle "IM"]
[WhiteElo "2486"]
[BlackElo "2474"]
[WhiteTeam "Netherlands Mosquitoes"]
[BlackTeam "Spain Raptors"]
[WhiteFideId "1025007"]
[BlackFideId "22235256"]
[EventDate "2020.01.06"]

1. e4 e6 2. d4 d5 3. Nd2 c5 4. Ngf3 cxd4 5. Nxd4 Nf6 6. exd5 Nxd5 7. N2f3 Bb4+
8. Bd2 O-O 9. Bxb4 Nxb4 10. c3 N4c6 11. Nxc6 Nxc6 12. Bb5 Qb6 13. Qe2 e5 14. O-O
Bg4 15. Bc4 Rae8 16. h3 Bh5 17. g4 Bg6 18. Nh4 e4 19. Bd5 Re5 20. Bxc6 bxc6 21.
Rad1 Rfe8 22. b3 c5 23. Qe3 Qf6 24. Nxg6 Qxg6 25. f4 R5e7 26. Rd5 h6 27. Rfd1
Qa6 28. R1d2 c4 29. b4 Qb6 30. Kf2 Qb8 31. Kg2 Qb6 32. R2d4 Rc7 33. Kf2 Qa6 34.
Rd2 Rce7 35. Ra5 Qf6 36. a4 a6 37. Rc5 Re6 38. Rd7 Rd6 39. Rd5 Rxd7 40. Rxd7
Qh4+ 41. Kg2 Qf6 42. a5 Qc6 43. Rd4 Qa4 44. Kg3 Qc6 45. Rd2 Qa4 46. Rd4 Qc6 47.
Kf2 Qa4 48. Rxc4 Qc2+ 49. Qe2 Qc1 50. Qe3 Qc2+ 51. Kg3 Rd8 52. Rd4 Rc8 53. c4
Rxc4 54. Rxc4 Qxc4 55. Qc5 Qd3+ 56. Kf2 Qf3+ 57. Ke1 Qxf4 58. Qc8+ Kh7 59. Qxa6
Qc1+ 60. Ke2 Qb2+ 61. Ke3 Qxb4 62. Qa8 Qc3+ 63. Kxe4 Qe1+ 64. Kd3 Qd1+ 65. Kc3
Qc1+ 66. Kb3 Qb1+ 67. Ka3 Qa1+ 68. Kb3 Qb1+ 69. Ka3 Qa1+ 70. Kb3 Qb1+ 1/2-1/2

[Event "PRO League Group Stage"]
[Site "chess.com INT"]
[Date "2020.02.06"]
[Round "5"]
[White "Van der Lende, Ilias"]
[Black "Forcen Esteban, Daniel"]
[Result "0-1"]
[WhiteTitle "IM"]
[BlackTitle "GM"]
[WhiteElo "2393"]
[BlackElo "2548"]
[WhiteTeam "Netherlands Mosquitoes"]
[BlackTeam "Spain Raptors"]
[WhiteFideId "1019260"]
[BlackFideId "2288230"]
[EventDate "2020.01.06"]

1. e4 e5 2. Nf3 Nc6 3. d4 exd4 4. Nxd4 Nf6 5. Nc3 Bc5 6. Be3 Bb6 7. Be2 O-O 8.
Nf5 Re8 9. Bxb6 axb6 10. f3 d5 11. exd5 Nb4 12. Nd4 Nfxd5 13. Nxd5 Nxd5 14. Kf2
Qg5 15. Qc1 Qh4+ 0-1

[Event "PRO League Group Stage"]
[Site "chess.com INT"]
[Date "2020.02.06"]
[Round "5"]
[White "Gajewski, Grzegorz"]
[Black "Niemann, Hans Moke"]
[Result "1-0"]
[WhiteTitle "GM"]
[BlackTitle "IM"]
[WhiteElo "2614"]
[BlackElo "2465"]
[WhiteTeam "Poland Hussars"]
[BlackTeam "Norway Gnomes"]
[WhiteFideId "1116207"]
[BlackFideId "2093596"]
[EventDate "2020.01.06"]

1. Nf3 Nf6 2. d4 g6 3. g3 Bg7 4. Bg2 c5 5. c3 O-O 6. O-O b6 7. Ne5 d5 8. Bf4 Bb7
9. a4 Nfd7 10. Nd2 Nxe5 11. Bxe5 f6 12. Bf4 e5 13. Be3 cxd4 14. cxd4 e4 15. a5
Nc6 16. Qb3 f5 17. a6 Bc8 18. Qc3 Bd7 19. b4 Rc8 20. Qb2 Qf6 21. Nb3 Nxb4 22.
Bf4 Nc6 23. Rad1 g5 24. Bc1 f4 25. Rfe1 h5 26. f3 e3 27. gxf4 gxf4 28. Kh1 Bf5
29. Rg1 Ne7 30. Na1 Kh8 31. Qb5 Qc6 32. Qb4 Bf6 33. Ba3 Qc4 34. Qd6 Rc6 35. Qxf4
Bh7 36. Bh3 Qxe2 37. Rde1 Qf2 38. Rxe3 Bg7 39. Qg3 Qxg3 40. hxg3 Nf5 41. Bxf8
Nxe3 42. Bxg7+ Kxg7 43. Re1 Rc3 44. Kg1 Ra3 45. Kf2 Nf5 46. Nc2 Rxa6 47. Nb4 Ra5
48. Bxf5 Bxf5 49. Re5 Bg6 50. Ke3 Ra3+ 51. Kf4 Ra4 52. Nc6 Rc4 53. Re6 Bf7 54.
Rd6 a5 55. Kg5 a4 56. Ne5 a3 57. Rd7 Ra4 58. Rxf7+ Kg8 59. Kg6 a2 60. Nd7 1-0

[Event "PRO League Group Stage"]
[Site "chess.com INT"]
[Date "2020.02.06"]
[Round "5"]
[White "Hammer, Jon Ludvig"]
[Black "Dragun, Kamil"]
[Result "1/2-1/2"]
[WhiteTitle "GM"]
[BlackTitle "GM"]
[WhiteElo "2628"]
[BlackElo "2587"]
[WhiteTeam "Norway Gnomes"]
[BlackTeam "Poland Hussars"]
[WhiteFideId "1503707"]
[BlackFideId "1134167"]
[EventDate "2020.01.06"]

1. c4 Nf6 2. g3 g6 3. Bg2 Bg7 4. Nc3 O-O 5. Nf3 c6 6. d4 d6 7. O-O Bf5 8. Qb3
Qb6 9. Re1 Ne4 10. Nh4 Nxc3 11. Nxf5 gxf5 12. bxc3 Qxb3 13. axb3 e6 14. Ba3 Rd8
15. Ra2 Na6 16. Rea1 Nc7 17. Bb4 a6 18. Ba5 Rdc8 19. h3 Ne8 20. g4 fxg4 21. hxg4
Nf6 22. Bf3 Nd7 23. e3 Rab8 24. Bb4 c5 25. Ba3 b5 26. cxb5 axb5 27. Bb2 b4 28.
c4 cxd4 29. exd4 e5 30. Ra7 Rd8 31. Bc6 Nf8 32. Bd5 Rd7 33. Rxd7 Nxd7 34. Ra7
Rd8 35. dxe5 Bxe5 36. Bc1 Bd4 37. Rb7 Nc5 38. Rxf7 Kh8 39. Bg5 Rg8 40. Rf5 Re8
41. Bf4 Nxb3 42. Bxd6 Nc5 43. Bc6 Re1+ 44. Kg2 b3 45. Bxc5 Bxc5 46. Rxc5 b2 47.
Rb5 b1=Q 48. Rxb1 Rxb1 49. Kg3 Kg7 50. Bd5 Kf6 51. Kf4 h6 52. f3 Re1 53. Be4 Rc1
54. Bd5 Re1 55. Bb7 Rc1 56. Ba6 Rc3 57. Ke4 Kg5 58. Bb5 Kf6 59. Kf4 Rc1 60. Ke4
Rc3 61. Kf4 Rc1 62. Ba6 Rc2 63. Bb5 Rc3 64. Ba6 Rc1 65. Bb5 Rc3 66. Ba6 Rc1 67.
Bb5 Rc3 1/2-1/2

[Event "PRO League Group Stage"]
[Site "chess.com INT"]
[Date "2020.02.06"]
[Round "5"]
[White "Christiansen, Johan-Sebastian"]
[Black "Czarnota, Pawel"]
[Result "1/2-1/2"]
[WhiteTitle "GM"]
[BlackTitle "GM"]
[WhiteElo "2600"]
[BlackElo "2502"]
[WhiteTeam "Norway Gnomes"]
[BlackTeam "Poland Hussars"]
[WhiteFideId "1512668"]
[BlackFideId "1121219"]
[EventDate "2020.01.06"]

1. Nf3 Nf6 2. c4 g6 3. g3 Bg7 4. Bg2 d6 5. d4 O-O 6. O-O Nbd7 7. Nc3 e5 8. e4
exd4 9. Nxd4 Re8 10. Be3 Nc5 11. f3 c6 12. Qd2 a5 13. Rad1 Nfd7 14. b3 Qe7 15.
Nde2 a4 16. b4 Na6 17. Nxa4 d5 18. cxd5 cxd5 19. Qxd5 Nxb4 20. Qb3 Nxa2 21. Qxa2
b5 22. Qd5 Rxa4 23. Qxb5 Ra2 24. Nf4 Nf6 25. Bc5 Qb7 26. Qxb7 Bxb7 27. Rfe1 h5
28. e5 Nh7 29. e6 fxe6 30. Rxe6 Rxe6 31. Nxe6 Ra1 32. Rxa1 Bxa1 33. Kf2 Bd5 34.
Nf4 Bf7 35. Bf1 Nf6 36. h4 Kg7 37. Bd3 Be5 38. Ne2 Nd5 39. Ba3 Kf6 40. Bf8 Be6
41. Bc5 Bf7 42. Nd4 Kg7 43. Nb5 Be6 44. Nd6 Bb2 45. Bc4 Be5 46. Ne4 Bg8 47. Bd3
Nc3 48. Ng5 Nd1+ 49. Kg2 Nc3 50. Be7 Nd5 51. Ba3 Bf6 52. Ne4 Be5 53. Nd6 Ne3+
54. Kf2 Nd1+ 55. Kg2 Ne3+ 56. Kh2 Bd5 57. Ne4 Nf5 58. Kg2 1/2-1/2

[Event "PRO League Group Stage"]
[Site "chess.com INT"]
[Date "2020.02.06"]
[Round "5"]
[White "Moiseenko, Alexander"]
[Black "Hellers, Ferdinand"]
[Result "1-0"]
[WhiteTitle "GM"]
[BlackTitle "GM"]
[WhiteElo "2620"]
[BlackElo "2592"]
[WhiteTeam "Italy Gladiators"]
[BlackTeam "Sweden Wasabis"]
[WhiteFideId "14102560"]
[BlackFideId "1700022"]
[EventDate "2020.01.06"]

1. d4 d5 2. c4 e6 3. Nc3 c5 4. cxd5 exd5 5. Nf3 Nc6 6. dxc5 d4 7. Na4 Bxc5 8.
Nxc5 Qa5+ 9. Bd2 Qxc5 10. Rc1 Qe7 11. e3 Nf6 12. Bb5 dxe3 13. Bxc6+ bxc6 14.
Bxe3 Qb4+ 15. Qd2 Qxd2+ 16. Nxd2 Bd7 17. Bc5 O-O-O 18. O-O Be6 19. Nc4 Kb8 20.
Be7 Rc8 21. f3 Nd5 22. Bc5 Rhd8 23. Rfd1 Ka8 24. Rd4 Rc7 25. Kf2 f6 26. b3 Rcd7
27. Re1 Bf7 28. Na5 Rc8 29. g3 Kb8 30. Rc1 Ka8 31. Ra4 Bg6 32. Bd4 Rdc7 33. Bc5
Bd3 34. Rd4 Bf5 35. Bd6 Rf7 36. Rxc6 Nb6 37. Rxc8+ Bxc8 38. Bc5 Rd7 39. Bxb6
axb6 40. Rxd7 Bxd7 41. Nc4 Kb7 42. Ke3 Kc6 43. Kd4 Be6 44. a4 h5 45. f4 g6 46.
b4 b5 47. Na5+ Kb6 48. axb5 Kxb5 49. Kc3 g5 50. h4 gxh4 51. gxh4 Bd5 52. Nb3 Kc6
53. Nd4+ Kd6 54. Nf5+ Kd7 55. Kd4 Be6 56. Ng3 Bf7 57. b5 Kd6 58. Ne4+ 1-0

[Event "PRO League Group Stage"]
[Site "chess.com INT"]
[Date "2020.02.06"]
[Round "5"]
[White "Moroni, Luca Jr"]
[Black "Berg, Emanuel"]
[Result "1-0"]
[WhiteTitle "GM"]
[BlackTitle "GM"]
[WhiteElo "2532"]
[BlackElo "2544"]
[WhiteTeam "Italy Gladiators"]
[BlackTeam "Sweden Wasabis"]
[WhiteFideId "865834"]
[BlackFideId "1704060"]
[EventDate "2020.01.06"]

1. Nf3 Nf6 2. g3 g6 3. b3 Bg7 4. Bb2 O-O 5. Bg2 d6 6. d4 Nc6 7. O-O Ne4 8. c4 f5
9. Nc3 h6 10. Nxe4 fxe4 11. Ne1 Bf5 12. Nc2 Qd7 13. Ne3 Bh3 14. Qd2 Rf7 15. Rad1
Raf8 16. Qc2 e5 17. dxe5 Nxe5 18. Bxe5 Bxe5 19. Qxe4 Bxg2 20. Kxg2 g5 21. Qxb7
c6 22. Qxd7 Rxd7 23. Rd3 h5 24. g4 Bf4 25. gxh5 Re8 26. Ng4 Kf7 27. e3 Be5 28.
Rfd1 Ke6 29. h6 Bh8 30. e4 Ree7 31. c5 d5 32. exd5+ cxd5 33. c6 Rd6 34. Re1+ Kf7
35. Rxe7+ Kxe7 36. Ne3 Rxc6 37. Rxd5 Ra6 38. a4 Rb6 39. Rxg5 Rxb3 40. Rg8 Be5
41. h7 Rb4 42. Nd5+ 1-0

[Event "PRO League Group Stage"]
[Site "chess.com INT"]
[Date "2020.02.06"]
[Round "5"]
[White "Amin, Bassem"]
[Black "Valsecchi, Alessio"]
[Result "1-0"]
[WhiteTitle "GM"]
[BlackTitle "GM"]
[WhiteElo "2673"]
[BlackElo "2512"]
[WhiteTeam "Sweden Wasabis"]
[BlackTeam "Italy Gladiators"]
[WhiteFideId "10601457"]
[BlackFideId "818860"]
[EventDate "2020.01.06"]

1. Nf3 c5 2. g3 Nc6 3. Bg2 g6 4. O-O Bg7 5. d3 d6 6. e4 e6 7. c3 Nge7 8. d4 cxd4
9. cxd4 d5 10. e5 O-O 11. Nc3 f6 12. Re1 fxe5 13. dxe5 Rf5 14. g4 Rxf3 15. Qxf3
Nxe5 16. Qg3 N7c6 17. Bf4 Nc4 18. b3 Nb6 19. Rad1 Bd7 20. g5 Qf8 21. Nb5 e5 22.
Bc1 e4 23. Bf4 Qc5 24. Nc7 Rc8 25. Bd6 Qa5 26. a3 Nd4 27. Bb4 Nf5 28. Qf4 1-0

[Event "PRO League Group Stage"]
[Site "chess.com INT"]
[Date "2020.02.06"]
[Round "5"]
[White "Grandelius, Nils"]
[Black "Lodici, Lorenzo"]
[Result "1/2-1/2"]
[WhiteTitle "GM"]
[BlackTitle "IM"]
[WhiteElo "2673"]
[BlackElo "2477"]
[WhiteTeam "Sweden Wasabis"]
[BlackTeam "Italy Gladiators"]
[WhiteFideId "1710400"]
[BlackFideId "884189"]
[EventDate "2020.01.06"]

1. Nf3 d5 2. g3 c6 3. Bg2 Bf5 4. c4 e6 5. O-O dxc4 6. a4 Nf6 7. Na3 Bxa3 8. bxa3
Nbd7 9. Bb2 O-O 10. Rc1 b5 11. Nd4 Be4 12. Bxe4 Nxe4 13. d3 Nec5 14. dxc4 bxa4
15. Nxc6 Qb6 16. Qd4 f6 17. Nb4 Rfd8 18. Rb1 1/2-1/2

[Event "PRO League Group Stage"]
[Site "chess.com INT"]
[Date "2020.02.06"]
[Round "5"]
[White "Admiraal, Miguoel"]
[Black "Martinez Reyes, Pedro Ramon"]
[Result "1-0"]
[WhiteTitle "IM"]
[BlackTitle "FM"]
[WhiteElo "2498"]
[BlackElo "2407"]
[WhiteTeam "Netherlands Mosquitoes"]
[BlackTeam "Spain Raptors"]
[WhiteFideId "1019716"]
[BlackFideId "3901807"]
[EventDate "2020.01.06"]

1. d4 d5 2. Nf3 Bf5 3. c4 e6 4. Nc3 Nc6 5. cxd5 exd5 6. Bg5 Be7 7. Bxe7 Ngxe7 8.
e3 O-O 9. Be2 Ng6 10. O-O Nce7 11. b4 Qd6 12. Qb3 Bg4 13. Rfc1 a6 14. a4 Rad8
15. b5 a5 16. Qa3 Qf6 17. Nb1 c6 18. Nbd2 Rfe8 19. Qc3 Nf5 20. bxc6 bxc6 21.
Qxc6 Re6 22. Qc7 Rde8 23. Bb5 Rf8 24. Qxa5 Ngh4 25. Nxh4 Qxh4 26. Nf1 Bf3 27.
Ng3 Rh6 28. gxf3 Qxh2+ 29. Kf1 Nxg3+ 30. fxg3 Qxg3 31. Ke2 Rh2+ 32. Kd3 Qxf3 33.
Qe1 Qf5+ 34. Kc3 Rc8+ 35. Kb3 Rcc2 36. Rxc2 Qxc2+ 37. Kb4 h5 38. Rc1 Qg6 39. Rc6
Qg5 40. Rc8+ Kh7 41. Bd3+ g6 42. Qf1 Qe7+ 43. Rc5 Kg7 44. Qf4 Rb2+ 45. Kc3 Qb7
46. Rb5 Rxb5 47. Bxb5 Qc8+ 48. Kb4 Qc1 49. Qe5+ Kh6 50. Qxd5 h4 51. Qxf7 Qxe3
52. Qf8+ Kh5 53. Qc5+ g5 54. a5 h3 55. a6 h2 56. Bc6 Qe1+ 57. Kb5 Qb1+ 58. Ka5
Qa1+ 59. Kb6 h1=Q 60. Bxh1 Qxh1 61. a7 Kh4 62. d5 g4 63. a8=Q Qb1+ 64. Qb5 Qg1+
65. Kc7 Qg3+ 66. d6 Qe1 67. Qh8+ Kg3 68. Qhe5+ 1-0

[Event "PRO League Group Stage"]
[Site "chess.com INT"]
[Date "2020.02.06"]
[Round "5"]
[White "Klein, David"]
[Black "Herrera Reyes, Jose Antonio"]
[Result "1/2-1/2"]
[WhiteTitle "GM"]
[BlackTitle "FM"]
[WhiteElo "2495"]
[BlackElo "2304"]
[WhiteTeam "Netherlands Mosquitoes"]
[BlackTeam "Spain Raptors"]
[WhiteFideId "1003623"]
[BlackFideId "2274914"]
[EventDate "2020.01.06"]

1. e4 c5 2. Nf3 e6 3. g3 a6 4. Bg2 Qc7 5. O-O d6 6. Re1 Nd7 7. Nc3 Be7 8. a4 b6
9. d4 cxd4 10. Nxd4 Bb7 11. Qg4 h5 12. Qe2 Ngf6 13. h3 Rc8 14. Be3 Ne5 15. Rad1
Qb8 16. f4 Nc4 17. Bc1 b5 18. axb5 axb5 19. Ndxb5 Ba6 20. e5 dxe5 21. fxe5 Bxb5
22. exf6 gxf6 23. Kh1 Ba6 24. Bf4 Qxb2 25. Nd5 Bd8 26. Qf2 Kf8 27. Qa7 Qb7 28.
Qd4 exd5 29. Bxd5 Qb6 30. Qe4 Nd6 31. Bxd6+ Qxd6 32. Qe8+ Kg7 33. Qxf7+ Kh6 34.
Bf3 Qxg3 35. Qxh5+ Kg7 36. Rg1 Rxh5 37. Rxg3+ Rg5 38. Rxg5+ fxg5 39. Rd7+ Kf6
40. Rd6+ Ke5 41. Rxa6 Rxc2 42. Ra4 Bc7 43. Re4+ Kf6 44. Bg4 Bf4 45. Re6+ Kf7 46.
Re1 Rh2+ 47. Kg1 Rb2 48. Rd1 Be3+ 49. Kh1 Kf6 50. Rf1+ Ke5 51. Re1 Kf4 52. Rf1+
Ke4 53. Bf5+ Ke5 54. Bg4 Bf4 55. Re1+ Kd4 56. Re2 Rb1+ 57. Kg2 Rb3 58. Ra2 Rg3+
59. Kf2 Rc3 60. Kg2 Kd3 61. Bf5+ Ke3 62. Bg4 Rc1 63. Re2+ Kd3 64. Ra2 Be3 65.
Bf5+ Kd4 66. Bg4 Bf4 67. Ra4+ Ke3 68. Ra3+ Ke4 69. Ra4+ Ke5 70. Ra5+ Kd4 71.
Ra4+ Kc5 72. Ra2 Kc4 73. Re2 Kd3 74. Ra2 Rc2+ 75. Rxc2 Kxc2 76. Kf3 Bc1 77. Bf5+
Kc3 78. Kg4 Kd4 79. Bg6 Ke5 80. Bh5 Kf6 81. h4 gxh4 82. Kxh4 1/2-1/2

[Event "PRO League Group Stage"]
[Site "chess.com INT"]
[Date "2020.02.06"]
[Round "5"]
[White "Forcen Esteban, Daniel"]
[Black "Ducarmon, Quinten"]
[Result "1-0"]
[WhiteTitle "GM"]
[BlackTitle "IM"]
[WhiteElo "2548"]
[BlackElo "2486"]
[WhiteTeam "Spain Raptors"]
[BlackTeam "Netherlands Mosquitoes"]
[WhiteFideId "2288230"]
[BlackFideId "1025007"]
[EventDate "2020.01.06"]

1. e4 c6 2. d4 d5 3. e5 Bf5 4. Nf3 e6 5. Be2 Nd7 6. O-O Ne7 7. Nbd2 h6 8. c3 Qc7
9. a4 g5 10. Ne1 Bg7 11. a5 a6 12. b4 Bg6 13. f4 gxf4 14. Nb3 f6 15. exf6 Bxf6
16. Bxf4 e5 17. Bg3 O-O 18. Rxf6 Rxf6 19. dxe5 Nxe5 20. Qd4 Nf5 21. Qxe5 Qf7 22.
Bf3 Re8 23. Qc7 Re7 24. Qb8+ Re8 25. Qa7 h5 26. Bf2 h4 27. Nc5 Re7 28. Qb8+ Kh7
29. h3 Bh5 30. Qf4 Bxf3 31. Nxf3 Qh5 32. Bxh4 Nxh4 33. Qxf6 1-0

[Event "PRO League Group Stage"]
[Site "chess.com INT"]
[Date "2020.02.06"]
[Round "5"]
[White "Diaz Camallonga, Carles"]
[Black "Van der Lende, Ilias"]
[Result "1-0"]
[WhiteTitle "IM"]
[BlackTitle "IM"]
[WhiteElo "2474"]
[BlackElo "2393"]
[WhiteTeam "Spain Raptors"]
[BlackTeam "Netherlands Mosquitoes"]
[WhiteFideId "22235256"]
[BlackFideId "1019260"]
[EventDate "2020.01.06"]

1. e4 e6 2. d4 d5 3. Nc3 Bb4 4. e5 c5 5. Bd2 Nh6 6. a3 Bxc3 7. Bxc3 cxd4 8. Qxd4
Nc6 9. Qf4 Nf5 10. Nf3 h6 11. h4 Nfe7 12. Bd3 Bd7 13. Qg4 g6 14. Qf4 Nf5 15. g4
Ng7 16. Qf6 Kf8 17. Bxg6 Qxf6 18. exf6 Ne8 19. Bd3 Nd6 20. O-O-O b5 21. b3 a5
22. Ne5 Nxe5 23. Bxe5 Ra6 24. g5 a4 25. f4 Nb7 26. b4 Nd6 27. h5 Rg8 28. g6 Nc4
29. g7+ Ke8 30. Bh7 1-0

[Event "PRO League Group Stage"]
[Site "chess.com INT"]
[Date "2020.02.06"]
[Round "5"]
[White "Grandelius, Nils"]
[Black "Moiseenko, Alexander"]
[Result "1/2-1/2"]
[WhiteTitle "GM"]
[BlackTitle "GM"]
[WhiteElo "2673"]
[BlackElo "2620"]
[WhiteTeam "Sweden Wasabis"]
[BlackTeam "Italy Gladiators"]
[WhiteFideId "1710400"]
[BlackFideId "14102560"]
[EventDate "2020.01.06"]

1. Nf3 c5 2. c4 Nc6 3. d4 cxd4 4. Nxd4 Nf6 5. Nc3 e6 6. g3 Qb6 7. Ndb5 Ne5 8.
Bg2 Nxc4 9. Bf4 e5 10. Nd5 Nxd5 11. Qxd5 Bb4+ 12. Kf1 a6 13. Qxc4 Qxb5 14. Qxb5
axb5 15. Bxe5 O-O 16. a3 d6 17. Bf4 Bc5 18. Rd1 b4 19. axb4 Bxb4 20. Bf3 Bh3+
21. Bg2 Bc8 22. Bf3 Bh3+ 23. Bg2 Bc8 1/2-1/2

[Event "PRO League Group Stage"]
[Site "chess.com INT"]
[Date "2020.02.06"]
[Round "5"]
[White "Amin, Bassem"]
[Black "Moroni, Luca Jr"]
[Result "1-0"]
[WhiteTitle "GM"]
[BlackTitle "GM"]
[WhiteElo "2673"]
[BlackElo "2532"]
[WhiteTeam "Sweden Wasabis"]
[BlackTeam "Italy Gladiators"]
[WhiteFideId "10601457"]
[BlackFideId "865834"]
[EventDate "2020.01.06"]

1. Nf3 d5 2. g3 Nf6 3. Bg2 c5 4. O-O Nc6 5. d3 g6 6. Nbd2 Bg7 7. e4 O-O 8. c3 e6
9. Re1 a5 10. a4 b6 11. Nb1 Ba6 12. e5 Nd7 13. Bf4 Rb8 14. Na3 Na7 15. c4 Bb7
16. h4 Rc8 17. Qd2 h5 18. Rad1 Bc6 19. b3 f5 20. exf6 Qxf6 21. Ng5 Rfe8 22. Bh3
Nf8 23. Be5 Qd8 24. Bxg7 Kxg7 25. Bxe6 Rc7 26. cxd5 Nxe6 27. Nxe6+ Rxe6 28. dxe6
Qd5 29. Qc3+ Kh7 30. Re4 Nc8 31. Qe5 Qd8 32. Rf4 Nd6 33. Nc4 Nf5 34. Re1 Re7 35.
Rxf5 gxf5 36. Qxf5+ Kg8 37. Qg5+ Kh8 38. Qf6+ Kg8 39. Re5 Qe8 40. Nd6 1-0

[Event "PRO League Group Stage"]
[Site "chess.com INT"]
[Date "2020.02.06"]
[Round "5"]
[White "Valsecchi, Alessio"]
[Black "Berg, Emanuel"]
[Result "1-0"]
[WhiteTitle "GM"]
[BlackTitle "GM"]
[WhiteElo "2512"]
[BlackElo "2544"]
[WhiteTeam "Italy Gladiators"]
[BlackTeam "Sweden Wasabis"]
[WhiteFideId "818860"]
[BlackFideId "1704060"]
[EventDate "2020.01.06"]

1. c4 Nf6 2. Nc3 g6 3. e4 d6 4. d4 Bg7 5. Be2 O-O 6. h4 c5 7. d5 e6 8. h5 exd5
9. exd5 Re8 10. hxg6 fxg6 11. Bg5 a6 12. Kf1 Nbd7 13. Nh3 Ne5 14. Nf4 Nf7 15.
Bh4 g5 16. Ne6 Bxe6 17. dxe6 Rxe6 18. Bg3 Qe7 19. Bf3 Rf8 20. Nd5 Nxd5 21. Bxd5
Rf6 22. Qd3 h6 23. Re1 Qd7 24. Qe4 b6 25. Kg1 Kh8 26. b3 Ne5 27. Bxe5 dxe5 28.
Qxe5 Qd6 29. f3 Qxe5 30. Rxe5 g4 31. Re7 Rg6 32. Kf1 gxf3 33. gxf3 b5 34. Be4
Rd6 35. Ke2 bxc4 36. Rg1 Rg8 37. bxc4 h5 38. Bd5 1-0

[Event "PRO League Group Stage"]
[Site "chess.com INT"]
[Date "2020.02.06"]
[Round "5"]
[White "Lodici, Lorenzo"]
[Black "Hellers, Ferdinand"]
[Result "1/2-1/2"]
[WhiteTitle "IM"]
[BlackTitle "GM"]
[WhiteElo "2477"]
[BlackElo "2592"]
[WhiteTeam "Italy Gladiators"]
[BlackTeam "Sweden Wasabis"]
[WhiteFideId "884189"]
[BlackFideId "1700022"]
[EventDate "2020.01.06"]

1. d4 d5 2. c4 dxc4 3. e4 Nc6 4. Nf3 Nf6 5. Bxc4 Nxe4 6. d5 Nd6 7. Bd3 Nb8 8.
O-O e6 9. dxe6 Bxe6 10. Ng5 Qd7 11. Re1 Nc6 12. Nxe6 fxe6 13. Bg5 Be7 14. Qh5+
Nf7 15. Bxe7 Qxe7 16. Nc3 g6 17. Qh3 e5 18. Bb5 O-O 19. Bxc6 bxc6 20. Ne4 Kg7
21. Qc3 Qe6 22. Nc5 Qf5 23. Re3 Rad8 24. Rae1 Kg8 25. Rf3 Qc8 26. Qb3 Rd5 27.
Ne4 Kg7 28. Nf6 Rd6 29. Nxh7 Kxh7 30. Rxf7+ Kh8 31. Qf3 Rxf7 32. Qxf7 Qf5 33.
Qe8+ Kg7 34. Qe7+ Kg8 35. Qxc7 Rd2 36. Qxa7 Rxb2 37. h3 Rb1 38. Rxb1 Qxb1+ 39.
Kh2 Qe4 40. Qe3 Qd5 41. a4 c5 42. a5 Qd6 43. Qe4 Kg7 44. g3 Kh6 45. h4 Kg7 46.
Qc4 Qf6 47. Kg2 Qc6+ 48. f3 Qd6 49. a6 Qb6 50. Qd5 Qxa6 51. Qxe5+ Kh7 52. Qxc5
Qe2+ 53. Qf2 Qe6 54. Qd2 Qe5 55. g4 Qe7 56. Qd3 Qxh4 57. Qd7+ Kh6 58. Qe8 Kg7
59. Qd7+ Kh6 60. Qf7 Qe1 61. Qf4+ Kh7 62. Qh2+ Kg7 63. Qg1 Qe2+ 64. Qf2 Qe5 65.
f4 Qe4+ 66. Qf3 Qc2+ 67. Kg3 Qc1 68. Qf2 Qc3+ 69. Kh4 Qf6+ 70. Kg3 Qc3+ 71. Kg2
Qc6+ 72. Qf3 Qc2+ 73. Kg3 Qc1 74. Qf2 Qc3+ 1/2-1/2

[Event "PRO League Group Stage"]
[Site "chess.com INT"]
[Date "2020.02.06"]
[Round "5"]
[White "Christiansen, Johan-Sebastian"]
[Black "Bartel, Mateusz"]
[Result "1/2-1/2"]
[WhiteTitle "GM"]
[BlackTitle "GM"]
[WhiteElo "2600"]
[BlackElo "2639"]
[WhiteTeam "Norway Gnomes"]
[BlackTeam "Poland Hussars"]
[WhiteFideId "1512668"]
[BlackFideId "1112635"]
[EventDate "2020.01.06"]

1. e4 e5 2. Nf3 Nc6 3. d4 exd4 4. Nxd4 Bc5 5. Be3 Qf6 6. c3 Nge7 7. Bc4 b6 8.
O-O Bb7 9. Qd2 O-O-O 10. f4 Bxd4 11. cxd4 d5 12. e5 Qe6 13. Bd3 Nf5 14. Bxf5
Qxf5 15. Nc3 h5 16. Rac1 h4 17. Qe2 Rh6 18. Qf3 Kb8 19. Rfe1 Nb4 20. Rcd1 c6 21.
Bf2 Bc8 22. a3 Na6 23. Rd2 Nc7 24. b4 Qg6 25. h3 Bf5 26. a4 Qh5 1/2-1/2